[Event "ROM-ch"]
[Site "Targu Mures"]
[Date "2014.05.02"]
[Round "9"]
[White "Cimpoiasu, Dan"]
[Black "Dragomirescu, Calin"]
[Result "1/2-1/2"]
[WhiteElo "1940"]
[BlackElo "2174"]
[PlyCount "86"]
[EventDate "2014.04.26"]
[EventType "swiss"]
[EventRounds "11"]
[EventCountry "ROU"]
[SourceTitle "CBM 160 Extra"]
[Source "ChessBase"]
[SourceDate "2014.07.01"]
[SourceVersion "1"]
[SourceVersionDate "2014.07.01"]
[SourceQuality "1"]

1. e4 c5 2. Nf3 Nc6 3. Nc3 e6 4. d4 cxd4 5. Nxd4 d6 6. g3 Nf6 7. Bg2 Be7 8. 0-0 0-0 9. Nxc6 bxc6 10. e5 dxe5 11. Bxc6 Rb8 12. Qxd8 Rxd8 13. Rd1 Rxd1+ 14. Nxd1 Bb7 15. Bxb7 Rxb7 16. b3 Nd5 17. c4 Nb4 18. Bb2 e4 19. Ne3 f5 20. Bc3 Kf7 21. a3 Nd3 22. b4 f4 23. gxf4 Bh4 24. Ra2 Nxf4 25. Kf1 Nd3 26. Ng4 Bf6 27. Nxf6 gxf6 28. Rd2 Nf4 29. Rd6 Ke7 30. Rd4 f5 31. b5 Rc7 32. Bb4+ Ke8 33. c5 Rd7 34. Rxd7 Kxd7 35. c6+ Kc7 36. Bc5 a6 37. a4 Nd3 38. Ba3 Nf4 39. Bc5 Nd5 40. Bd4 axb5 41. axb5 Kd6 42. Ba7 Kc7 43. Bd4 Kd6 1/2-1/2

[Event "ROM-ch"]
[Site "Targu Mures"]
[Date "2014.05.01"]
[Round "8"]
[White "Cimpoiasu, Dan"]
[Black "Meleg, Victor"]
[Result "1-0"]
[WhiteElo "1940"]
[BlackElo "1754"]
[PlyCount "77"]
[EventDate "2014.04.26"]
[EventType "swiss"]
[EventRounds "11"]
[EventCountry "ROU"]
[SourceTitle "CBM 160 Extra"]
[Source "ChessBase"]
[SourceDate "2014.07.01"]
[SourceVersion "1"]
[SourceVersionDate "2014.07.01"]
[SourceQuality "1"]

1. d4 Nf6 2. c4 e6 3. Nf3 Bb4+ 4. Nbd2 b6 5. a3 Be7 6. e4 d5 7. Bd3 Bb7 8. e5 Nfd7 9. Qe2 Nf8 10. 0-0 Ng6 11. Nb1 0-0 12. Nc3 c6 13. Rd1 Ba6 14. b3 Bb7 15. g3 Nd7 16. cxd5 cxd5 17. h4 Re8 18. Ng5 Ndf8 19. Bb5 Nd7 20. Qh5 Bxg5 21. Bxg5 Ne7 22. Bd3 h6 23. Be3 a6 24. g4 Nf8 25. g5 Neg6 26. Ne2 Rc8 27. Kg2 Qe7 28. Rh1 Rc7 29. gxh6 Rec8 30. hxg7 Nh7 31. Nf4 Nxf4+ 32. Bxf4 f5 33. exf6 Nxf6 34. Qg5 Qxg7 35. Bxc7 Rxc7 36. Rac1 Rxc1 37. Rxc1 Qxg5+ 38. hxg5 Ne4 39. Rc7 1-0

[Event "ROM-ch"]
[Site "Targu Mures"]
[Date "2014.04.29"]
[Round "5"]
[White "Cimpoiasu, Dan"]
[Black "Veneteanu, Ion Cristian"]
[Result "0-1"]
[WhiteElo "1940"]
[BlackElo "2158"]
[PlyCount "84"]
[EventDate "2014.04.26"]
[EventType "swiss"]
[EventRounds "11"]
[EventCountry "ROU"]
[SourceTitle "CBM 160 Extra"]
[Source "ChessBase"]
[SourceDate "2014.07.01"]
[SourceVersion "1"]
[SourceVersionDate "2014.07.01"]
[SourceQuality "1"]

1. d4 Nf6 2. c4 c5 3. d5 d6 4. Nc3 g6 5. e4 Bg7 6. Nf3 0-0 7. Be2 e6 8. 0-0 Re8 9. Qc2 Na6 10. Rd1 exd5 11. cxd5 Nb4 12. Qb1 Qe7 13. Bb5 Bd7 14. Bxd7 Qxd7 15. a3 Na6 16. Qd3 Nc7 17. a4 b6 18. Bf4 a6 19. h3 b5 20. axb5 Nxb5 21. Nxb5 axb5 22. Rxa8 Rxa8 23. e5 c4 24. Qd4 Nh5 25. Bh2 dxe5 26. Bxe5 Bxe5 27. Nxe5 Qd6 28. Ng4 f6 29. Kf1 Rd8 30. g3 Kf7 31. Kg2 Rd7 32. f4 Re7 33. Kf3 Rc7 34. Ra1 b4 35. Ra8 c3 36. bxc3 bxc3 37. Ra1 c2 38. Rc1 Qa3+ 39. Qe3 Rc3 40. Rxc2 Rxe3+ 41. Nxe3 Nxg3 42. Rc7+ Ke8 0-1

[Event "ROM-chT2"]
[Site "Olanesti"]
[Date "2013.10.18"]
[Round "7.6"]
[White "Cordea, David"]
[Black "Cimpoiasu, Dan"]
[Result "1-0"]
[WhiteElo "2069"]
[BlackElo "1951"]
[PlyCount "65"]
[EventDate "2013.10.12"]
[EventType "team-tourn"]
[EventRounds "9"]
[EventCountry "ROU"]
[SourceTitle "EXT 2014"]
[Source "ChessBase"]
[SourceDate "2013.11.20"]
[SourceVersion "1"]
[SourceVersionDate "2013.11.20"]
[SourceQuality "1"]
[WhiteTeam "Cluj Napoca"]
[BlackTeam "Ploiesti Conpet"]
[WhiteTeamCountry "ROU"]
[BlackTeamCountry "ROU"]

1. d4 e6 2. Nf3 Nf6 3. c4 b6 4. g3 Bb7 5. Bg2 Bb4+ 6. Bd2 Qe7 7. 0-0 Bxd2 8. Nbxd2 0-0 9. Qc2 d6 10. e4 e5 11. d5 a5 12. b3 Na6 13. a3 g6 14. Ne1 Nd7 15. Rb1 Kg7 16. b4 axb4 17. axb4 f5 18. Nd3 Rfb8 19. f4 Bc8 20. exf5 gxf5 21. Qc3 Qf6 22. fxe5 Nxe5 23. Nxe5 Qxe5 24. Qxe5+ dxe5 25. d6 e4 26. g4 cxd6 27. gxf5 Bb7 28. f6+ Kf8 29. Nxe4 Rd8 30. Ng5 Bxg2 31. Ne6+ Ke8 32. Kxg2 Kf7 33. Nxd8+ 1-0

[Event "ROM-chT2"]
[Site "Olanesti"]
[Date "2013.10.15"]
[Round "4.6"]
[White "Cimpoiasu, Dan"]
[Black "Delgado Vlaic, Adrian"]
[Result "1/2-1/2"]
[WhiteElo "1951"]
[BlackElo "1998"]
[PlyCount "120"]
[EventDate "2013.10.12"]
[EventType "team-tourn"]
[EventRounds "9"]
[EventCountry "ROU"]
[SourceTitle "EXT 2014"]
[Source "ChessBase"]
[SourceDate "2013.11.20"]
[SourceVersion "1"]
[SourceVersionDate "2013.11.20"]
[SourceQuality "1"]
[WhiteTeam "Ploiesti Conpet"]
[BlackTeam "Timis Sinandrei"]
[WhiteTeamCountry "ROU"]
[BlackTeamCountry "ROU"]

1. d4 Nf6 2. c4 e6 3. Nf3 d5 4. Bg5 Nbd7 5. Qc2 Bb4+ 6. Nbd2 0-0 7. e3 c5 8. cxd5 exd5 9. Bd3 Qa5 10. 0-0 c4 11. Bf5 g6 12. Bh3 Re8 13. a3 Bxd2 14. Nxd2 Ne4 15. Nxe4 dxe4 16. Bxd7 Bxd7 17. Bf4 Rac8 18. Qc3 Qh5 19. f3 Bc6 20. fxe4 Bxe4 21. Rf2 Qd5 22. Raf1 Bd3 23. Re1 Rc6 24. Qb4 Rce6 25. Qc5 Qxc5 26. dxc5 Rc6 27. Bg5 f5 28. Rd2 Rxc5 29. Bf6 Rd5 30. Kf2 Re4 31. g3 Kf7 32. Bc3 Ke6 33. Red1 Kd6 34. b3 Kc6 35. bxc4 Bxc4 36. Rxd5 Bxd5 37. Rd4 Rxd4 38. Bxd4 a5 39. Ke1 Kb5 40. Kd2 Ka4 41. Bb6 Kxa3 42. Bxa5 Kb3 43. Bb6 Kc4 44. h4 Be4 45. Bd4 b5 46. Bb2 b4 47. Bd4 b3 48. Bg7 Bc2 49. Bf6 Kd5 50. Kc3 Ke4 51. Bg5 Kf3 52. Bf4 Kg4 53. Kb2 Kh5 54. Kc3 h6 55. Kb2 g5 56. hxg5 hxg5 57. Be5 Kg4 58. Bf6 Kh5 59. Bd8 Kg6 60. Be7 f4 1/2-1/2